Pilates: manual completo del método pilates

Guardat en:
Dades bibliogràfiques
Autor principal: Isacowitz, Rael (Autor)
Format: Llibre
Idioma:espanyol
Publicat: Badalona Editorial Paidotribo 2016
Edició:2a. ed
Matèries:
Etiquetes: Afegir etiqueta
Sense etiquetes, Sigues el primer a etiquetar aquest registre!

MARC

LEADER 00000cam a2200000 a 4500
001 UCC2268
003 CL-VaPUC
008 180114e20160000sp |||||||||||||||||spa|d
020 |a 9788499105352 
082 0 4 |a 613.71  |b ISA  |2 21 
100 0 |a Isacowitz, Rael  |e author  |9 596402 
245 1 0 |a Pilates: manual completo del método pilates 
250 |a 2a. ed 
300 |a 387 p 
942 |c BK 
945 |d 20180114 20:51:00  |a arojas 
260 |a Badalona  |b Editorial Paidotribo  |c 2016 
650 7 |a PILATES  |2 CL-VaPUC  |9 536023 
650 0 |a Actividad física  |9 362156 
650 0 |a Ejercicios físicos  |9 307296 
650 0 |a Salud mental  |9 308393 
583 |a last modification  |c 20180114 20:51:00  |k Rodrigo Vera 
999 |c 370502  |d 370500 
952 |0 0  |1 0  |3 erb  |4 0  |6 613_710000000000000_ISA_2016  |7 0  |8 A  |9 487028  |a BIBEDU  |b BIBEDU  |i 5448166  |l 1  |m 5  |o 613.71 ISA 2016  |p 5448166  |r 2022-11-07  |s 2022-09-20  |w 2019-11-24  |y BK  |z Catalogado en:20180114  |k EFI